Insetos em ordem (Registo nº 1508)

Detalhes MARC
000 -Etiqueta do registo
Cabeçalho 00844nam0a2200265 4500
005 - Identificador da versão
Campo de controlo 20240813121838.0
010 ## - Número internacional normalizado dos livros (ISBN)
Número (ISBN) 9789729504730
021 ## - Número do Depósito Legal
Código do país PT
Número 374099/14
003 - Persistent Record Identifier
control field http://porbase.bnportugal.pt/ipac20/ipac.jsp?profile=bn&uri=full=3100024~!2533761~!0
100 ## - Dados gerais de processamento
Dados gerais de processamento 20150622d2014 m y0pory50030103ba
102 ## - Pais de publicação ou produção
País de publicação Portugal
101 0# - Língua de publicação
Língua do texto, banda sonora, etc. Português
215 ## - Descrição física 
Indicação específica da natureza do documento e extensão da espécie 110, [1] p.
Outras indicações físicas il. color
200 1# - Titulo e menção de responsabilidade
Título próprio Insetos em ordem
Primeira menção de responsabilidade Patrícia Garcia-Pereira... [et al.]
Outras menções de responsabilidade fot. Albano Soares... [et al.]
205 ## - Menção da edição
Menção da edição 2ª ed
210 ## - Publicação, Distribuição, etc. 
Lugar da edição, distribuição, etc. [S.l
Nome do editor, distribuidor, etc. s.n.]
Data da publicação, distribuição, etc. D. L. 2014
606 ## - Nome comum usado como assunto
Número de registo de entrada de autoridade 0002283
Palavra de ordem Insetos
Subdivisão de assunto Listas
Código do sistema CA
675 ## - Classificação Decimal Universal (CDU)
Notação 595.7(083.81)
Edição 3ª ed.
Língua da edição por
702 #1 - Nome de autor-pessoa física (responsabilidade secundária)
Número de registo de entrada de autoridade 0002286
Palavra de ordem Soares
Outra parte do nome não tomada para palavra de ordem Albano
Elementos de identificação ou distinção et al.
Código de função Fotógrafo
701 #1 - Nome de autor-pessoa física (co-responsabilidade principal)
Palavra de ordem Garcia-Pereira
Outra parte do nome não tomada para palavra de ordem Patrícia
Elementos de identificação ou distinção et al.
966 ## - Identificação da Biblioteca
Sigla EB2,3ENM
942 ## - Elementos de entrada adicionados (Koha)
Tipo de item no Koha Livro
Exemplares
Situação do levantamento Origin of item (home branch) (coded) Biblioteca de empréstimo Código de barras Cota Circulation type (not for loan) Tipo de documento Nota do exemplar Damaged status
  Biblioteca Escolar Eng. Nuno Mergulhão Biblioteca Escolar Eng. Nuno Mergulhão BENM3560 59 INS   Livro Sem mensagem